000 00604nam a2200193Ia 4500
005 20260601193220.0
008 260601s9999||||xx |||||||||||||| ||und||
020 _a978-981-99-3814-8
_qebk
100 _aWolfgang Banzhaf
245 0 _aHandbook of Evolutionary Machine Learning
250 _a2024
260 _aHeidelberg, Germany
_bSpringer Nature
_c2024
440 _aGenetic and Evolutionary Computation
650 _aComputer Science
700 _aMengjie Zhang
700 _aPenousal Machado
856 _uhttps://link.springer.com/openurl?genre=book&isbn=978-981-99-3814-8
942 _cEB
_2ddc
999 _c55770
_d55770